| 000 | 00694nam a2200217Ia 4500 | ||
|---|---|---|---|
| 003 | GCL | ||
| 008 | 140319s9999 xx 000 0 ara d | ||
| 040 |
_aGCL / _cGCL |
||
| 082 | 0 | 4 |
_a217.6 _bا ا |
| 100 | 1 | _aالسيد يوسف نصر | |
| 245 | 1 | 0 |
_aالاخوان المسلمون : هل هى صحوة اسلامية / _cالسيد يوسف نصر |
| 700 | 1 | _aالسيد يوسف | |
| 300 | _aمتعدد | ||
| 490 |
_aكتاب المحروسة _v0 |
||
| 650 | 0 | 4 | _aالاسلام |
| 650 | 0 | 4 | _aالاخوان المسلمون |
| 650 | 0 | 4 | _aحسن البنا |
| 650 | 0 | 4 | _aالاسلام - دعوات سلفية - مصر |
| 650 | 0 | 4 | _aالدعوات السلفية |
| 942 |
_2ddc _cBK |
||
| 999 |
_c48416 _d48416 |
||